header

iPhone secrets (Record no. 50752)

MARC details
000 -LEADER
fixed length control field 01489nam a2200361 a 4500
100 1# - MAIN ENTRY--AUTHOR NAME
Personal name Murph, Darren.
245 10 - TITLE STATEMENT
Title iPhone secrets
250 ## - EDITION STATEMENT
Edition statement 1st ed.
260 ## - PUBLICATION, DISTRIBUTION, ETC. (IMPRINT)
Place of publication Indianapolis, Ind. :
Name of publisher John Wiley and Sons,
Year of publication 2012.
300 ## - PHYSICAL DESCRIPTION
Number of Pages xx, 292 p. :
Other physical details ill.
500 ## - GENERAL NOTE
General note Includes index.
505 0# - FORMATTED CONTENTS NOTE
Formatted contents note pt. I. Becoming an iPhone setup pro -- pt. II. Acing the advanced features -- pt. III. Diving into software -- pt. IV. Becoming a digital genius.
650 #0 - SUBJECT ADDED ENTRY--TOPICAL TERM
Topical Term iPhone (Smartphone)
Topical Term Cell phones
Topical Term Internet telephony.
Topical Term Mobile computing.
856 40 - ELECTRONIC LOCATION AND ACCESS
Uniform Resource Identifier http://site.ebrary.com/lib/rucke/Doc?id=10626236

No items available.

© 2026 Rongo University
Contact us: librarian | system librarian | Rongo university